Náladu ovplyvňujú inflácia a dlhy

Dopad finančnej a hospodárskej krízy pociťujú v rôznom rozsahu všetky krajiny EÚ. Európski spotrebitelia sú v súčasnosti ovplyvnení najmä stúpajúcou infláciou a vysokým štátnym dlhom. Spotrebiteľská klíma. Očakávané ceny. Životná úroveň. Znižovanie sklonu k nakupovaniu. Situácia v Poľsku.

Salvato in:
Dettagli Bibliografici
Autore principale: Hinková-Dibarborová, Andrea
Natura: Capitolo di libro
Lingua:slovacco
Soggetti:
Tags: Aggiungi Tag
Nessun Tag, puoi essere il primo ad aggiungerne!!

MARC

LEADER 00000naa a2200000 4500
001 0130361
005 20231109070244.7
041 0 |a slo 
044 |a SK 
245 1 0 |a Náladu ovplyvňujú inflácia a dlhy  |c Andrea] [Hinková-Dibarborová 
520 |a Dopad finančnej a hospodárskej krízy pociťujú v rôznom rozsahu všetky krajiny EÚ. Európski spotrebitelia sú v súčasnosti ovplyvnení najmä stúpajúcou infláciou a vysokým štátnym dlhom. Spotrebiteľská klíma. Očakávané ceny. Životná úroveň. Znižovanie sklonu k nakupovaniu. Situácia v Poľsku. 
610 2 0 |a správanie spotrebiteľa 
610 2 0 |a úroveň životná 
610 2 0 |a kríza finančná 
610 2 0 |a kríza hospodárska 
610 2 0 |a Európska únia 
100 1 |a Hinková-Dibarborová, Andrea